India and the passing of empire / (Record no. 90015)
[ view plain ]
| 000 -LEADER | |
|---|---|
| fixed length control field | 00724cam a2200253I 4500 |
| 001 - CONTROL NUMBER | |
| control field | 4602803 |
| 003 - CONTROL NUMBER IDENTIFIER | |
| control field | BD-DhUL |
| 005 - DATE AND TIME OF LATEST TRANSACTION | |
| control field | 20200315112518.0 |
| 008 - FIXED-LENGTH DATA ELEMENTS--GENERAL INFORMATION | |
| fixed length control field | 720920s1951 enkabc b 000 0 eng |
| 010 ## - LIBRARY OF CONGRESS CONTROL NUMBER | |
| LC control number | 52017557 |
| 035 ## - SYSTEM CONTROL NUMBER | |
| System control number | (OCoLC)ocm00411107 |
| 035 ## - SYSTEM CONTROL NUMBER | |
| System control number | (NNC)4602803 |
| 040 ## - CATALOGING SOURCE | |
| Original cataloging agency | DLC |
| Transcribing agency | BD-DhUL |
| Modifying agency | SER |
| -- | OCL |
| -- | UKM |
| 082 ## - DEWEY DECIMAL CLASSIFICATION NUMBER | |
| Classification number | 954.08 |
| Item number | DUI |
| 098 ## - OTHER CLASSIFICATION SCHEMES (OCLC) | |
| Call number based on other classification scheme | MT22 |
| 100 1# - MAIN ENTRY--PERSONAL NAME | |
| Personal name | Dunbar, George |
| Titles and words associated with a name | Sir, |
| Dates associated with a name | 1878- |
| 245 10 - TITLE STATEMENT | |
| Title | India and the passing of empire / |
| Statement of responsibility, etc. | George Dunbar |
| 260 ## - PUBLICATION, DISTRIBUTION, ETC. (IMPRINT) | |
| Place of publication, distribution, etc. | London : |
| Name of publisher, distributor, etc. | Nicholson & Watson, |
| Date of publication, distribution, etc. | 1951. |
| 300 ## - PHYSICAL DESCRIPTION | |
| Extent | 225 p. : |
| Other physical details | illus., ports., col. maps (1 fold.) ; |
| Dimensions | 22 cm. |
| 500 ## - GENERAL NOTE | |
| General note | Includes index. |
| 504 ## - BIBLIOGRAPHY, ETC. NOTE | |
| Bibliography, etc | "References": p. 211-218. |
| 651 #0 - SUBJECT ADDED ENTRY--GEOGRAPHIC NAME | |
| Geographic name | India |
| General subdivision | History. |
| 942 ## - ADDED ENTRY ELEMENTS (KOHA) | |
| Source of classification or shelving scheme | |
| Koha item type | Books |
| Price effective from | Date last seen | Permanent Location | Not for loan | Date acquired | Source of classification or shelving scheme | Koha item type | Lost status | Withdrawn status | Copy number | Source of acquisition | Collection code | Damaged status | Shelving location | Barcode | Current Location | Full call number |
|---|---|---|---|---|---|---|---|---|---|---|---|---|---|---|---|---|
| 2016-07-27 | 2016-07-27 | Dhaka University Library | 1955-02-08 | Books | Purchased | Non Fiction | General Stacks | 66230 | Dhaka University Library | 954.03 DUI | ||||||
| 2016-07-27 | 2016-07-27 | Dhaka University Library | 1954-10-17 | Books | Purchased | Non Fiction | General Stacks | 66595 | Dhaka University Library | 954.03 DUI | ||||||
| 2016-07-28 | 2016-07-28 | Dhaka University Library | 2016-07-28 | Books | Purchased | Non Fiction | General Stacks | A35846 | Dhaka University Library | 954.03 DUI | ||||||
| 2016-07-28 | 2016-07-28 | Dhaka University Library | 2016-07-28 | Books | 2 | Purchased | Non Fiction | General Stacks | A92981 | Dhaka University Library | 954.08 DUI | |||||
| 2016-07-28 | 2016-07-28 | Dhaka University Library | 2016-07-28 | Books | 1 | Gift | Non Fiction | General Stacks | 308197 | Dhaka University Library | 954.08 DUI |
